000 00832nmm a2200265 a 4500
001 ocm0001061905
003 TR-IsHL
005 20201028155001.0
008 150709s2009 tu tur
007 cr cn
020 _a9789752863163
035 _a1061905
_b(N$T)
050 0 4 _aPL248.T52
_bT47 2009
090 0 4 _aPL248.T52
_bT47 2009
100 1 _aTimuçin, Afşar
245 1 0 _aTepedeki yalnızlık
_h[electronic resource] /
_cAfşar Timuçin
260 _aİstanbul :
_bBulut Yayınları,
_c2009
300 _a129 p.
650 4 _aDil ve Edebiyat
650 4 _aLanguage and Literature
650 0 _aTürk romanı
650 0 _aTurkish fiction
650 7 _aLITERARY COLLECTIONS / Middle Eastern
_2bisacsh
856 4 0 _uhttp://search.ebscohost.com/login.aspx?direct=true&scope=site&db=e011xww&AN=1061905
999 _c12855
_d12855